Villes d'Europe de A à Z - Difficile - Statistiques

Statistiques générales
  • Ce quiz a été pris 1 013 fois
  • Le résultat moyen est 11 sur 26
Statistiques - réponses
Indice Ville % Correct
R Jeanne d'Arc y fut condamnée à mort Rouen
85%
E Le club néerlandais du PSV y a ses quartiers Eindhoven
75%
Y Ville de Crimée qui a accueilli une conférence en 1945 Yalta
74%
A Grand port pétrolier écossais Aberdeen
64%
K Enclave russe autrefois appelée Königsberg Kaliningrad
62%
L Chef-lieu du canton de Vaud Lausanne
61%
V Son nom signifie littéralement "ville sur la Volga" Volgograd
60%
D Ville saxonne tragiquement bombardée en 1945 Dresde
58%
Q Ville du Morbihan connue pour sa presqu’île Quiberon
55%
S Ancienne capitale de la couronne d'Aragon Saragosse
53%
T Port italien à la frontière slovène Trieste
53%
G Deuxième plus grande ville autrichienne Graz
52%
H Elle serait fondée sur l'antique Knossos Héraklion
45%
F Ville la plus peuplée sur l'Île de Madère Funchal
44%
C Accueille la plus ancienne université du Portugal Coimbra
40%
W Ville polonaise qui se nomme Breslau en allemand Wroclaw
33%
P Voisine de Berlin, on y trouve le Palais de Sanssouci Potsdam
31%
N Capitale de la Voïvodine et origine des manifestations en cours en Serbie Novi Sad
27%
U Ville étudiante non loin de Stockholm Uppsala
27%
Z Cité côtière de Croatie Zadar
26%
M Elle se trouve exactement entre Bruxelles et Anvers Malines
23%
O Grande ville industrielle de Tchéquie Ostrava
22%
I Capitale historique de la Moldavie, aujourd'hui roumaine Iași
19%
B Ville de Transylvanie, non loin du "Château de Dracula" Brasov
17%
J Ville du sud de la Suède au bord du lac Vättern Jönköping
12%
X Ville allemande sur le Rhin avec ruines romaines Xanten
3%
Aucun quiz correspondant
Distribution des résultats
% des personnes avec chaque résultat
Percentile par nombre de réponses
Votre historique - résultats
Vous n’avez pas pris ce quiz